A dzsesszbalett büvöletében Kecsöi táncos lányok

Bibliographic Details
Main Authors: Ambrus, Ferenc, 1959- (Author), Gáspár, Erna (Author), Igaz, Bianca (Author)
Format: Article
Language:Hungarian
Slovak
Subjects:

MARC

LEADER 00000nab a2200000 a 4500
001 vtls000999891
003 SK-MaSNL
005 20260318133222.0
008 040720e19950606xo 0 hun
035 |a RV492 
040 |a RVGKPD  |b slo  |c RVGKPD  |e AACR2 
041 0 |a slo 
044 |a xo  |c SK 
080 |a 793.3  |2 1981 
100 1 |a Ambrus, Ferenc,  |d 1959-   |4 aut  |9 99564 
245 1 0 |a A dzsesszbalett büvöletében  |b Kecsöi táncos lányok 
650 0 7 |a džezbalet  |2 RVGKPD  |9 58586 
651 7 |a Kečovo (Slovensko)  |2 RVGKPD  |9 24708 
700 1 |a Gáspár, Erna  |4 aut  |9 1242653 
700 1 |a Igaz, Bianca  |4 aut  |9 1242654 
773 0 8 |t Új Szó  |g Roč. 48, č.130, 6.6.1995, s. 6 
852 |a ZVYKNI  |b KIS3GCP 
999 |c 2201047  |d 2202977